Κείμενα Εξελικτικής Ψυχολογίας

Αποθηκεύτηκε σε:
Λεπτομέρειες βιβλιογραφικής εγγραφής
Άλλοι συγγραφείς: Βοσνιάδου, Στέλλα, 1946- (Συγγραφέας εισαγωγής κ.λπ., edtf), Χουρτζαμάνογλου, Έλση (trlf)
Μορφή: Βιβλίο
Γλώσσα:Greek
English
Δημοσίευση: Αθήνα : Gutenberg, 1994.
Σειρά:Ψυχολογία (Gutenberg) ; 3β
Θέματα:
Ετικέτες: Προσθήκη ετικέτας
Δεν υπάρχουν, Καταχωρήστε ετικέτα πρώτοι!

MARC

LEADER 00000cam a2200000 i 4500
001 1/37704
008 970506s1994####gr | ||| |||| ||gre||
020 |a 9600103364 
035 |1 ΕΛΗ  |a 1997  |b 1604  |c ΤΟΚΑΤΛΙΔΟΥ  |l 10040578 
040 |a GR-MyUA  |b gre  |e AACR2 
041 1 |a gre  |h eng 
082 7 |a 155   |2 (22) 
245 0 0 |a Κείμενα Εξελικτικής Ψυχολογίας /   |c πρόλογος, επιμέλεια: Στέλλα Βοσνιάδου ; μετάφραση κειμένων: Έλση Χουρτζαμανόγλου.  
260 |a Αθήνα :   |b Gutenberg,   |c 1994.  
300 |a 235 σ. ;   |c 21 εκ.  
490 1 |a (Ψυχολογία / Gutenberg ;  |v  3β)  
504 |a Περιέχει βιβλιογραφικές αναφορές.  
505 0 |a Τ .2. Σκέψη 
650 0 0 |a Developmental psychology. 
650 0 0 |a Child psychology. 
700 1 |a Βοσνιάδου, Στέλλα,   |d 1946-  |e aui  |e edtf 
700 1 |a Χουρτζαμάνογλου, Έλση,  |e trlf 
740 0 2 |a Σκέψη 
830 0 |a Ψυχολογία (Gutenberg)  |v  ; 3β 
852 |a INST  |b SAMOS  |e 19970506  |h 155 ΚΕΙ  |p 005300011935  |q 005300011935  |t BK  |y 0  |z τ.2 
852 |a INST  |b SAMOS  |e 19970506  |h 155 ΚΕΙ  |p 005300011935  |q 005300011935  |t BK  |v τ.2:  |y 0  |z τ.2 
853 |a INST  |b SAMOS  |h 155 ΚΕΙ 
901 |a BIBL-1998-1 
909 |a Σ  |b 051932